| 000 | 00372cam a2200145ua 4500 | ||
|---|---|---|---|
| 041 |
_aeng _h |
||
| 082 |
_a823.308 _bJOH/TW |
||
| 100 | _aJohn, Kennet . | ||
| 245 |
_aTwenty thousand league under the sea / _cKennet John. _hTextual Documents |
||
| 260 |
_aLondon : _bBlackie & Son Ltd , _c1905. |
||
| 300 | _a106 ; . | ||
| 504 | _a | ||
| 942 | _cBK | ||
| 999 |
_c11542 _d11542 |
||